000 00582nam a2200229Ia 4500
003 OSt
005 20220924144326.0
006 a|||||r|||| 00| 0
007 ta
008 220923b |||||||| |||| 00| 0 urd d
024 _a313637
037 _cTextual
040 _aARTS
_cARTS
_burd
041 _2urd
_aurd
082 _aO168,1MEM:g, M7
100 _aMujib Syeadah Hashmi
_9217467
245 0 _aKulliyat-e-Imam
260 _c1987
650 _aURDU POETRY
942 _hO168,1MEM:g, M7
_cTEXL
_2CC
999 _c456771
_d456771